00729nam a22002177a 4500999001500000001000500015003000900020005001700029008004100046040002800087082002500115245005500140260005400195300002300249546002500272650003200297650001400329650003300343942001200376952012300388 c1881d18818267BD-DhUAP20200217140423.0200217s1882 bg l 001 0 eng  aDLCcDLCdBD-DhUAPbEng 223a346.54920436 TRA10aThe transfer of property act : b(act iv of 1882). aDhaka :bMinistry of Law and Land Reforms,c1882. a60 pages ;c25 cm. aEnglish and Bengali. aTransfer (Law)zBangladesh. aProperty. aMortgages (Law)zBangladesh. 2ddccBK 00102ddc4070aUAPCLbUAPCLcGeneral Stacksd2020-02-17o346.54920436 TRAp3010008267r2020-02-17t1w2020-02-17yBK